Global economic integration and economic security of countries

Globálna ekonomická integrácia ako realita konca 20. a začiatku 21. storočia. Vplyv globalizácie na rast národných ekonomík. Význam regionálnych obchodných dohôd. Bývalé krajiny strednej a východnej Európy hľadajú svoje strategické pozície. Začleňovanie sa týchto krajín do medzinárodných organizácií...

Ausführliche Beschreibung

Gespeichert in:
Bibliographische Detailangaben
1. Verfasser: Kosír, Igor
Format: Buchkapitel
Sprache:Englisch
Schlagworte:
Tags: Tag hinzufügen
Keine Tags, Fügen Sie das erste Tag hinzu!

MARC

LEADER 00000naa$a2200000$$$4500
001 0092396
005 20240502072031.2
041 0 |a eng 
044 |a SK 
245 1 0 |a Global economic integration and economic security of countries  |c Igor Kosír 
520 |a Globálna ekonomická integrácia ako realita konca 20. a začiatku 21. storočia. Vplyv globalizácie na rast národných ekonomík. Význam regionálnych obchodných dohôd. Bývalé krajiny strednej a východnej Európy hľadajú svoje strategické pozície. Začleňovanie sa týchto krajín do medzinárodných organizácií. Medzinárodné dohody - CEFTA, BAFTA. Pozícia Ruska, Turecka. 
610 2 0 |a integrácia ekonomická medzinárodná 
610 2 0 |a globalizácia 
610 2 0 |a regionalizácia 
610 2 0 |a bezpečnosť ekonomická 
610 2 0 |a dohody medzinárodné 
610 2 0 |a SVE 
100 1 |a Kosír, Igor